00889cam a2200253 a 450000100100000000500170001000800410002704000300006808200150009810000270011324500610014026000290020130000210023049000130025150400440026450400540030865000440036265000300040683000200043691000340045604900090049095201190049999900170061800001814220200929165355.0731019s1973 xxc b 000 0 fre d aDO-SdBNPbfrecDLCdBNPHU a842bB425n1 aBelair, Michel.93930913aLe nouveau théâtre québécois /cMichel Bélair. aOttawa :bLemeac,c1973. a205 p. ;c20 cm.1 aDossiers aIncluye notas al píe de las páginas aIncluye referencias bibliográficas: p. 167-171. 4aTeatrozQuebec (Provincia{Rpara}939310 4aLiteratura francesa91074 0aDossiers939311 aCatalogación por copia / LC aBNGR 001054708MOaGRbGRcCTd2010-04-15iLF1l0o842 B425np18142-10r2020-06-25w2020-06-25y4ZPréstamo en sala c17663d17663